|
|
|
|
| LEADER |
00000cam a22000004a 4500 |
| 001 |
musev2_29499 |
| 003 |
MdBmJHUP |
| 005 |
20230905043125.0 |
| 006 |
m o d |
| 007 |
cr||||||||nn|n |
| 008 |
131101s2014 mau o 00 0 eng d |
| 010 |
|
|
|z 2013040545
|
| 020 |
|
|
|a 9781611685459
|
| 020 |
|
|
|z 9781611683127
|
| 035 |
|
|
|a (OCoLC)879352528
|
| 040 |
|
|
|a MdBmJHUP
|c MdBmJHUP
|
| 100 |
1 |
|
|a Silver, Laura.
|
| 245 |
1 |
0 |
|a Knish :
|b In Search of the Jewish Soul Food /
|c Laura Silver.
|
| 264 |
|
1 |
|a Waltham, Massachusetts :
|b Brandeis University Press,
|c [2014]
|
| 264 |
|
3 |
|a Baltimore, Md. :
|b Project MUSE,
|c 2014
|
| 264 |
|
4 |
|c ©[2014]
|
| 300 |
|
|
|a 1 online resource (281 pages):
|b illustrations ;
|
| 336 |
|
|
|a text
|b txt
|2 rdacontent
|
| 337 |
|
|
|a computer
|b c
|2 rdamedia
|
| 338 |
|
|
|a online resource
|b cr
|2 rdacarrier
|
| 490 |
0 |
|
|a HBI series on Jewish women
|
| 505 |
0 |
|
|a Au Revoir, Mrs. Stahi's: Brighton Beach to the Lower East Side -- In Search of the First Knish: From the Holy Land to the Old Country -- Mrs. Goldberg to Gangsta Rap: The Knish in Culture -- A Brief History of Competitive Knish Eating -- The Fine Art of Knish Making.
|
| 520 |
|
|
|a When Laura Silver's favorite knish shop went out of business, the native New Yorker sank into mourning, but then she sprang into action. She embarked on a round-the-world quest for the origins and modern-day manifestations of the knish. The iconic potato pie leads the author from Mrs. Stahl's bakery in Brighton Beach, Brooklyn, to an Italian pasta maker in New Jersey--and on to a hunt across three continents for the pastry that shaped her identity. Starting in New York, she tracks down heirs to several knish dynasties and discovers that her own family has roots in a Polish town named Knyszyn. With good humor and a hunger for history, Silver mines knish lore for stories of entrepreneurship, survival, and major deliciousness. Along the way, she meets Minnesota seniors who make knishes for weekly fundraisers, foodies determined to revive the legacy of Mrs. Stahl, and even the legendary knish maker's granddaughters, who share their joie de vivre--and their family recipe. Knish connections to Eleanor Roosevelt and rap music? Die-hard investigator Silver unearths those and other intriguing anecdotes involving the starchy snack once so common along Manhattan's long-lost Knish Alley. In a series of funny, moving, and touching episodes, Silver takes us on a knish-eye tour of worlds past and present, thus laying the foundation for a global knish renaissance.
|
| 588 |
|
|
|a Description based on print version record.
|
| 650 |
|
7 |
|a Jews
|x Food
|x History
|2 nli
|
| 650 |
|
7 |
|a Jewish cooking
|x History
|2 nli
|
| 650 |
|
7 |
|a Jews
|x Food.
|2 fast
|0 (OCoLC)fst00983231
|
| 650 |
|
7 |
|a Jewish cooking.
|2 fast
|0 (OCoLC)fst01753913
|
| 650 |
|
6 |
|a Juifs
|x Alimentation
|x Histoire.
|
| 650 |
|
6 |
|a Cuisine juive
|x Histoire.
|
| 650 |
|
0 |
|a Jews
|x Food
|x History.
|
| 650 |
|
0 |
|a Jewish cooking
|x History.
|
| 655 |
|
7 |
|a History.
|2 fast
|0 (OCoLC)fst01411628
|
| 655 |
|
7 |
|a Electronic books.
|2 local
|
| 710 |
2 |
|
|a Project Muse.
|e distributor
|
| 830 |
|
0 |
|a Book collections on Project MUSE.
|
| 856 |
4 |
0 |
|z Texto completo
|u https://projectmuse.uam.elogim.com/book/29499/
|
| 945 |
|
|
|a Project MUSE - Custom Collection
|
| 945 |
|
|
|a Project MUSE - 2014 History
|
| 945 |
|
|
|a Project MUSE - 2014 Jewish Studies
|
| 945 |
|
|
|a Project MUSE - 2014 Complete
|